Najdroższe transfery AC Milanu w historii. - Statystyki

Ogólne statystyki
  • Ten quiz został rozwiązany 319 razy
  • Średni wynik to 5 z 10
Statystyki odpowiedzi
Sezon Cena Kraj Poprzedni klub Piłkarz % Poprawnych
18/19 35 mln Polska Genoa Piątek
91%
19/20 30 mln Portugalia Lille Leao
86%
17/18 42 mln Włochy Juventus Bonucci
79%
18/19 38 mln Brazylia Flamengo Paqueta
51%
15/16 33 mln Kolumbia Sevilla Bacca
49%
01/02 41 mln Portugalia Fiorentina Costa
43%
02/03 31 mln Włochy Lazio Nesta
40%
01/02 36 mln Włochy Juventus Inzaghi
38%
17/18 38 mln Portugalia Porto Silva
38%
18/19 36 mln Włochy Juventus Caldara
24%
Nie znaleziono quizów pasujących do podanych kryteriów
Rozkład punktacji
Procent ludzi z każdym wynikiem
Percentyl według liczby udzielonych odpowiedzi
Twoja historia wyników
Nie rozwiązałeś tego quizu